Statistics for Star Trek: DS9 Characters by Actor Image

Click here to take the quiz!

General Stats

  • This quiz has been taken 25 times
  • The average score is 14 of 16

Answer Stats

Answer% Correct
Captain Benjamin Sisko
100%
Chief Miles O'Brien
100%
Constable Odo
100%
Doctor Julian Bashir
100%
Lieutenant Commander Jadzia Dax
100%
Lieutenant Commander Worf
100%
Quark
100%
Colonel Kira Nerys
95%
Jake Sisko
95%
Gul Dukat
90%
Lieutenant Ezri Dax
90%
Nog
90%
Garak
81%
Rom
81%
Weyoun
71%
General Martok
52%

Score Distribution

Percentile by Number Answered

Percent of People with Each Score

Your Score History

You have not taken this quiz